Alle (ehemaligen) Bundesligateams aus NRW - Statistiken

Allgemein
  • Dieses Quiz wurde 322 mal gespielt
  • Das Durchschnittsergebnis liegt bei 15 aus 18
Antwortstatistiken
Saisons Verein % Korrekt
59 Borussia Dortmund
100%
53 1. FC Köln
99%
52 Schalke 04
98%
58 Borussia Mönchengladbach
96%
47 Bayer Leverkusen
95%
38 VfL Bochum
95%
25 Fortuna Düsseldorf
93%
7 Rot-Weiss Essen
91%
4 Alemannia Aachen
90%
28 MSV Duisburg
90%
19 Arminia Bielefeld
86%
1 Preußen Münster
85%
2 SC Paderborn
84%
4 RW Oberhausen
74%
3 Wuppertaler SV
73%
1 SC Fortuna Köln
58%
4 SG Wattenscheid 09
58%
14 Bayer Uerdingen
54%
Keine übereinstimmenden Quizze gefunden
Verteilung der Resultate
Anzahl Personen mit jedem Resultat
Perzentil nach korrekt beantworteten Fragen
Ihre Resultats-Entwicklung
Sie haben dieses Quiz noch nicht gespielt